000 01707cam a22003974a 4500
999 _c41534
_d41534
001 13179285
003 OSt
005 20220919151239.0
008 030425s2004 enka b 001 0 eng
010 _a 2003009866
016 7 _a101176583
_2DNLM
020 _a1583919902
020 _a1583919910 (pbk.)
035 _a(OCoLC)ocm52166418
040 _aDNLM/DLC
_cDLC
_dYDX
_dNLM
_dBAKER
_dNLGGC
_dMUQ
_dDLC
042 _apcc
050 0 0 _aBF204.6
_b.C37 2004
060 1 0 _aBF 575.H27
_bC311p 2004
082 0 0 _a150.1988
_222
_bCAR/P
084 _a77.46
_2bcl
100 1 _aCarr, Alan,
_d1957-
_99110
245 1 0 _aPositive psychology :
_bthe science of happiness and human strengths /
_cAlan Carr.
260 _aHove ;
_aNew York :
_bBrunner-Routledge,
_c2004.
300 _axix, 388 p. :
_bill. ;
_c25 cm.
504 _aIncludes bibliographical references (p. [350]-381) and index.
505 0 _aHappiness -- Flow -- Hope and optimism -- Emotional intelligence -- Giftedness, creativity, and wisdom -- Positive traits and motives -- Positive self -- Positive relationships -- Positive change.
650 0 _aPositive psychology.
650 1 2 _aHappiness.
650 1 2 _aPsychology, Applied
_xmethods.
650 2 2 _aAdaptation, Psychological.
856 4 2 _3Publisher description
_uhttp://www.loc.gov/catdir/enhancements/fy0665/2003009866-d.html
856 4 2 _3Contributor biographical information
_uhttp://www.loc.gov/catdir/enhancements/fy1003/2003009866-b.html
906 _a7
_bcbc
_corignew
_d1
_eecip
_f20
_gy-gencatlg
942 _2ddc
_cBK
_h150.1988
_iCAR/P
_k150.1988
_mCAR/P